000 00896cam a22002777a 4500
003 CHAP
005 20220329133400.0
008 971013s1991 r 00010 d
010 _a5724
011 _a6696
035 _a5918
040 _cCHAP
082 _a621.39
_bP7
100 0 0 _aPrasanna Kumar, V. K.
_991301
245 0 _aParallel architectures and algorithms for image understanding
260 _aBoston :
_bAcademic Press,
_c1991
300 _a565 p.
_b: ilus. ; gráfs. tablas
590 _aBATCH-UPD
_b10
_c20130110
_lUCH01
_h2007
590 _aBATCH-UPD
_b10
_c20130410
_lUCH01
_h1327
590 _aBATCH-UPD
_b10
_c20130914
_lUCH01
_h1934
590 _aCONVERSION
_b10
_c20130109
_lUCH01
_h1304
650 1 4 _aTecnología de imágenes en agricultura.
_9111960
901 _aBK
942 _cLIBRO
949 _a621.39 P7
_bBC
_cLIBRO
_d33724000016499
_eLIBRO
_gI.164540
_h82198
_i5918
_si
_t225.00
999 _c5724
_d5724